000 02922cam a2200733 4500
001 22785
003 SK-KTurca
005 20260423132136.0
008 220912s2021 xo o gr 000 0 slo
015 _aSNBA2023/07
020 _a9788097385613
_q(brožované)
040 _aSNK
_bslo
_cSNK
_erda
041 1 _aslo
_aeng
_hslo
043 _ae-xo---
044 _axo
_cSK
072 7 _a930.85
_xDejiny civilizácie. Kultúrne dejiny
_2konspekt
072 7 _a39
_xEtnológia. Etnografia. Folklór
_2konspekt
080 _a930.85:347.211
_22011
080 _a316.75-028.78
_22011
080 _a(437.6)
_22011
080 _a(083.8)
_22011
080 _a39
_22011
080 _a398
_22011
080 _a398.1
_22011
245 0 0 _aReprezentatívny zoznam nehmotného kultúrneho dedičstva Slovenska ;
_bZoznam najlepších spôsobov ochrany nehmotného kultúrneho dedičstva na Slovensku
_czostavilli: Juraj Hamar, Miroslav Hanák, Stanislava Tichá, Eva Záhumenská ; editorka: Ľubica Voľanská ; preklady textov Tatiana Bužeková, Steven Gouws, Barbara Heyes, Judita Takáčová, Ľubica Voľanská
246 3 1 _aRepresentative list of the itangible cultural heritage of Slovakia
246 3 1 _aRegister of best safeguarding practices in Slovakia
246 3 8 _aNehmotné kultúrne dedičstvo Slovensko
246 3 1 _aIntangible cultural heritage Slovakia
264 1 _aBratislava
_bSlovenský ľudový umelecký kolektív
_c2021
300 _a83 strán
_bfotografie (prevažne farebné)
_c23 cm
336 _atext
_btxt
_2rdacontent
337 _abez média
_bn
_2rdamedia
338 _azväzok
_bnc
_2rdacarrier
500 _aDokument obsahuje 2 diela. Súbežná tiráž v angličtine
500 _aPravdepodobne preložené zo slovenčiny
546 _aSúbežný názov a text v angličtine
650 0 7 _anehmotné kultúrne dedičstvo
_2SNKPH
650 0 7 _akultúrne tradície
_2SNKPH
650 0 7 _aIntangible cultural heritage
_2SNKPHeng
650 0 7 _aCultural traditions
_2SNKPHeng
650 0 7 _aľudová kultúra
_2SNKPH
650 0 7 _afolklór
_2SNKPH
650 0 7 _aľudové tradície
_2SNKPH
650 0 7 _aFolk culture
_2SNKPHeng
650 0 7 _aFolklore
_2SNKPHeng
650 0 7 _aFolk traditions
_2SNKPHeng
651 7 _aSlovensko
_2SNKPHgeo
651 7 _aSlovakia
_2SNKPHeng
655 7 _azoznamy
_2SNKPH
655 7 _aLists
_2SNKPHeng
700 1 _aHamar, Juraj,
_d1965-
_4com
700 1 _aHanák, Miroslav
_4com
700 1 _aTichá, Stanislava
_4com
700 1 _aZáhumenská, Eva
_4com
700 1 _aVoľanská, Ľubica,
_d1976-
_4edt
_4trl
700 1 _aBužeková, Tatiana,
_d1963-
_4trl
700 1 _aGouws, Steven
_4trl
700 1 _aHeyes, Barbara
_4trl
700 1 _aTakáčová, Judita
_4trl
740 0 2 _aZoznam najlepších spôsobov ochrany nehmotného kultúrneho dedičstva na Slovensku
942 _2ddc
_cOLDO
_n0
999 _c22785
_d22785